| 000 | 00412nam a2200157Ia 4500 | ||
|---|---|---|---|
| 008 | 230711s9999||||xx |||||||||||||| ||und|| | ||
| 041 | _aENG | ||
| 082 |
_a720 _bDE-T |
||
| 100 | _aDechiara,J | ||
| 245 | 0 | _aTime-saver standards for interior design and space planning | |
| 250 | _a1st | ||
| 260 |
_c1992 _aNew Delhi _bTata McGraw Hill Education Limited |
||
| 300 | _a1151 | ||
| 650 | _aArchitecture | ||
| 942 | _cBK | ||
| 999 |
_c2322 _d2322 |
||